000
00319nam a2200133Ia 4500
008
231129s1976||||xx |||||||||||||| ||spa||
040
_b
spa
082
_a
986.101 P838
100
_a
Porras G. Pedro I.
245
0
_a
Ecuador prehistorico
260
_c
1976
264
_a
Instituto Geografico Militar
942
_2
ddc
_c
BKS
999
_c
9941
_d
9941